Quizzes
Events
Quiz Creation
Community
Videos
Private Events
Remove Ads
Sign In
Join for FREE
Feedback
Dark Mode
Quiz Categories
Sports
Geography
Music
Movies
Television
Just For Fun
Miscellaneous
History
Literature
Language
Science
Gaming
Entertainment
Religion
Holiday
For Kids
Quiz Lab
Recent
Popular Today
Quiz Kudos Today
Editor Picks
Curator Picks
Quizzes by...
Day
Popularity
Type
Ratings
Length
Year
Community
Subscriptions
Recent Discussions
Orange Saloon
Badges
Playlists
Quests
Create
Leaderboards
Showdown
Live 5
Trivia Bingo
Activity
Puzzle Library
Sporcle Events
Private Events
Virtual Trivia
Globe League
Become a Host
Pub Owners
SporcleCon
Opinionation
Our Games
Videos
Blog
Mobile Apps
Partnerships
Remove Ads and Go Orange
Feedback
Sports
Athletes
MLB
NBA
NHL
NFL
Soccer
Sports Teams
WWE
NCAA
Football
Premier League
Basketball
Baseball
Hockey
Golf
Tennis
Cricket
Rugby
Auto Racing
Olympics
World Cup
Sports
Athletes
MLB
NBA
NHL
NFL
Soccer
Sports Teams
WWE
NCAA
Football
Premier League
Basketball
Baseball
Hockey
Golf
Tennis
Cricket
Rugby
Auto Racing
Olympics
World Cup
Random Quiz
Search Sporcle
×
Quiz Lab
Quiz Lab
Sports
Baseball
Type in answers that appear in a list
Type in answers that appear in a list
Classic
Best Score? Go Orange.
Baseball Triple Crown Winners Since 1900 Stats
Can you name the Baseball Triple Crown Winners Since 1900?
By
alejo41897
15m
47 Questions
99 Plays
99 Plays
99 Plays
Comments
Comments
Give Quiz Kudos
Give Quiz Kudos
-
- Ratings
hide this ad
Replay
Link that replays current quiz
Next Quiz
Link to next quiz in quiz playlist
You Got
0%
They Got
Avg Score
61%
Avg Friend Score
Upgrade to see
Score Distribution
Jump to the score distribution portion of the page
Score
0/47
Timer
15:00
0
Plays Today
Year
Player
% Correct
1942
Ted Williams
91.9%
1947
Ted Williams
91.9%
1956
Mickey Mantle
90.9%
1963
Sandy Koufax
88.9%
1965
Sandy Koufax
88.9%
1966
Sandy Koufax
88.9%
1934
Lou Gehrig
87.9%
2002
Randy Johnson
87.9%
1999
Pedro Martinez
86.9%
1967
Carl Yastrzemski
84.8%
1909
Ty Cobb
83.8%
1997
Roger Clemens
83.8%
1998
Roger Clemens
83.8%
1966
Frank Robinson
82.8%
1985
Dwight Gooden
82.8%
2007
Jake Peavy
82.8%
1972
Steve Carlton
81.8%
2006
Johan Santana
81.8%
1913
Walter Johnson
77.8%
1918
Walter Johnson
77.8%
1924
Walter Johnson
77.8%
1905
Christy Mathewson
74.7%
1908
Christy Mathewson
74.7%
1940
Bob Feller
74.7%
Year
Player
% Correct
1933
Jimmie Foxx
72.7%
1930
Lefty Grove
64.6%
1931
Lefty Grove
64.6%
1901
Cy Young
63.6%
1922
Roger Hornsby
62.6%
1925
Roger Hornsby
62.6%
1937
Joe Medwick
51.5%
1933
Chuck Klein
49.5%
1934
Lefty Gomez
45.5%
1937
Lefty Gomez
45.5%
1945
Hal Newhouser
45.5%
1915
Grover Cleveland Alexander
42.4%
1916
Grover Cleveland Alexander
42.4%
1920
Grover Cleveland Alexander
42.4%
1901
Nap Lajoie
40.4%
1905
Rube Waddell
21.2%
1924
Dazzy Vance
18.2%
1939
Bucky Walters
9.1%
1918
Hippo Vaughn
7.1%
National League Hitters
5.1%
American League Hitters
5.1%
National League Pitchers
5.1%
American League Pitchers
5.1%
Quiz Playlist
Details
Report
Send in Message
Add To Playlist
Classic:
Type in answers that appear in a list
Last Updated: Feb 16, 2017
Quiz Scoreboard
CHALLENGE
Sign Up to Join the Scoreboard
Show All
Scores
Hide
Comments
May contain spoilers
Recently Published
Pick 6: Fruits
by JohnFran
Miscellaneous
15s
Click the 1999 NBA Draft
by nibperrychub
Sports
2m
Alphabetical 'K' Countries by Flag Minefield
by ylime102
Geography
3m
More to Explore
Quiz From the Vault
Featured Blog Post
15 Basketball Trivia Facts You Can Be March Mad About
hide this ad
You Might Also Like...
Tags
Baseball Quiz
1900
1900s
Crown
Player
team
triple
Triple Crown
Winner
Today's Top Quizzes in Sports
Browse Sports
hide this ad
Today's Top Quizzes in Baseball
Browse Baseball
Top Contributed Quizzes in Sports
1
Don't Strike Out: 3000 Strikeouts
2
MLB 2 truths and a lie: Hall of Fame pitchers
3
MLB Players with Two .350 Batting Average Seasons
4
Last 10 Members of the 500 HR Club in Order
5
Criteria MLB: Left Handed Sluggers
6
One Time Final Four Teams
7
Millionaire: NBA Finals Edition
8
MLB Teams by First Game
9
Pitchers With Multiple No-Hitters
10
Pick 6: NFL Teams
Explore More
Trending Topics
Harry Potter
Marvel
Kpop
NBA
Crossword
Disney
Anime
The Office
Song
Country
Puzzle
NFL
Soccer
WWE
Pokémon
hide this ad
More By:
alejo41897
Quiz
Plays
Rating
Category
Featured
Created
Movies With More than Five Oscars
136
2.13
Entertainment
Feb 3, 2011
Baseball Triple Crown Winners Since 1900
99
1.00
Sports
Apr 21, 2011
Go to Creator's Profile
Score Distribution
Quiz Creator Spotlight
alejo41897
Follow
Send a Message
Quizzes Created
-
Created Quiz Play Count
-
More By This Creator
Popular Quizzes Today
1
Find the US States - No Outlines Minefield
2
Countries of Asia Without Outlines Minefield
3
Pick 6: Fruits
4
Alphabetical 'K' Countries by Flag Minefield
5
The Countries of the World
6
Click the 1999 NBA Draft
7
Find the US States
8
Match the Book to the Film X
More Sports Quizzes
Top XIs: Olympique de Marseille (1980s/1990s)
Quiz Lab
Trending Quizzes
Pick 6: Harry Potter
Pick 6: Mountains
Pick 6: NFL Teams
Pick 6: Movie Franchises
Pick 6: Golfers
Recently Updated
Women's Final Four Teams by Year
bhenderson79
Presidents Quartet II
eogle
Anything But Clue(do)
eogle
Anything But Oceanian Capitals
eogle
Anything But 7
eogle
Anything But Thing
eogle
Word Ladder: February 29
pecheneg
Song Title Questions
pecheneg
Women's NCAA Tournament #1 Seeds
pecheneg
Celebrity Mug Shots
pecheneg
Trending Topics
Anime
NBA
Kpop
Marvel
Crossword
Disney
Harry Potter
Soccer
Country
WWE
The Office
NFL
Song
Pokémon
Puzzle
Your Account Isn't Verified!
In order to create a playlist on Sporcle, you need to verify the email address you used during registration. Go to your
Sporcle Settings
to finish the process.
Report this User
Report this user for behavior that violates our
Community Guidelines
.
Details:
Send Report
Go to the Sporcle.com Mobile Site →
Comments